| 000 | 01141nam a2200325 a 4500 | ||
|---|---|---|---|
| 001 | 25830 | ||
| 003 | BD-RjUL | ||
| 005 | 20211209050932.0 | ||
| 008 | 140319s1992 ii b 001 0 eng d | ||
| 035 | _a(BD-RjUL)25900 | ||
| 040 |
_aDLC _cDLC _beng _dBD-RjUL |
||
| 041 | 1 |
_aeng _hper |
|
| 082 | 0 | 0 |
_a954.025 _220 _bABA V-2 1992 |
| 100 | 0 |
_aAbū al-Faz̤l ibn Mubārak, _d1551-1602. _979355 |
|
| 245 | 1 | 4 |
_aThe Akbar nāma of Abu-l-Fazl / _ctranslated from the Persian by H. Beveridge. |
| 260 |
_aDelhi : _bEss Ess Publications, _cc1992. |
||
| 300 |
_av. ; _c22 cm. |
||
| 500 | _aTranslation of: Akbārnāmah. | ||
| 500 | _aReprint. Originally published: Calcutta : Royal Asiatic Society of Bengal, 1902-1939. | ||
| 504 | _aIncludes bibliographical references and index. | ||
| 505 | _aVol. 2---, Vol.1--- | ||
| 600 | 0 | 0 |
_aAkbar, _cEmperor of Hindustan, _d1542-1605. _9163822 |
| 651 | 0 |
_aMogul Empire _xHistory. _919831 |
|
| 700 | 1 |
_aBeveridge, Henry, _d1837-1929. _979358 |
|
| 830 | 0 |
_vwork no. 138. _9204151 |
|
| 830 | 0 |
_aBibliotheca Indica ; _9204146 |
|
| 942 |
_2ddc _cBK |
||
| 999 |
_c25830 _d25830 |
||